Detalles MARC
| 000 -LIDER |
| fixed length control field |
00896nam a22002777a 4500 |
| 001 - NÚMERO DE CONTROL |
| Identificador de número de control |
000024991 |
| 003 - IDENTIFICACDOR DE NÚMERO DE CONTROL |
| control field |
DO-SdBNP |
| 005 - DATE AND TIME OF LATEST TRANSACTION |
| control field |
20240703115737.0 |
| 007 - CAMPOS FIJOS DE DESCRIPCIÓN FÍSICA |
| fixed length control field |
000024991 |
| 008 - ELEMENTOS DE LONGITUD FIJA |
| fixed length control field |
160609b2010 sp a 00| 0 spa d |
| 020 ## - ISBN |
| International Standard Book Number |
9788408092650 |
| 040 ## - FUENTE DE CATALOGACIÓN |
| Agencia que crea de manera original el registro |
BPMSU |
| Idioma de catalogación |
spa |
| Agencia que realiza la transcripción |
BPMSU |
| 082 #4 - NÚMERO DE CLASIFICACIÓN DECIMAL DE DEWEY |
| Classification number |
853.92 |
| Item number |
D158s 2010 |
| Edition number |
22 |
| 100 1# - ASIENTO PRINCIPAL -- NOMBRE PERSONAL |
| Nombre personal |
Dami, Elisabetta |
| 245 10 - MENCIÓN DE TITULO |
| Título |
¡Salvemos a la ballena blanca! / |
| Mención de responsabilidad |
Elisabetta Dami ; ilustraciones de Ricardo Sisti...[y otros] |
| 260 ## - PUBLICACIÓN, DISTRIBUCIÓN, ETC. (PIE DE IMPRENTA) |
| Lugar de publicación, distribución, etc |
Barcelona : |
| Nombre del editor, distribuidor, etc. |
Destino Infantil & Juvenil, |
| Fecha de publicación, distribución, etc |
2010 |
| 300 ## - DESCRIPCIÓN FÍSICA |
| Extensión |
varias paginaciones : |
| Otros detalles físicos |
il. ; |
| Dimensiones |
21 cm. |
| 490 0# - MENCIÓN DE SERIES |
| Mención de serie |
Humor y aventura, |
| Volume/sequential designation |
40 |
| 590 ## - NOTA LOCAL |
| Texto de la nota local |
Inventariado, 2024/VM |
| 650 #4 - ENCABEZAMIENTO DE MATERIA--TEMÁTICO |
| Término temático o nombre geográfico como elemento de entrada |
Cuentos infantiles italianos |
| 650 #4 - ENCABEZAMIENTO DE MATERIA--TEMÁTICO |
| Término temático o nombre geográfico como elemento de entrada |
Ecologia |
| Subdivisión de forma |
Cuentos infantiles |
| 650 #4 - ENCABEZAMIENTO DE MATERIA--TEMÁTICO |
| Término temático o nombre geográfico como elemento de entrada |
Ratos |
| Subdivisión de forma |
Cuentos infantiles |
| 700 1# - ASIENTO SECUNDARIO -- NOMBRE PERSONAL |
| Nombre personal |
Sisti, Ricardo |
| Mención de responsabilidad |
ilustración |
| 910 ## - VALIDACIÓN |
| Validación |
VMateo V. Control de calidad. BPMSU |
| 942 ## - ADDED ENTRY ELEMENTS (KOHA) |
| Source of classification or shelving scheme |
Dewey Decimal Classification |
| Koha item type |
Libros |